| 000 | 00573nam a2200205 a 4500 | ||
|---|---|---|---|
| 005 | 20210223132908.0 | ||
| 008 | 160428s2009 ea r 000 0 spa d | ||
| 020 | _a9781432935429 | ||
| 035 | _aUPN01000209883 | ||
| 049 | _aI | ||
| 050 | 4 |
_aQC73.4 _bS5.4 |
|
| 100 | 1 |
_aShannon, Sarah _938234 |
|
| 245 | 1 | 0 |
_aEmpujar / _cSarah Shannon. |
| 260 |
_aChicago [E.U.A.] : _bHeinemann Library, _cc2009. |
||
| 300 |
_a24 p. : _bil. col. |
||
| 440 | 0 | _a¿Cómo se mueven? | |
| 650 | 4 |
_aFUERZA Y ENERGIA - _vLITERATURA INFANTIL _911052 |
|
| 905 | _aInfantil | ||
| 999 |
_c181984 _d181984 |
||